000 00755nam a2200229Ia 4500
003 OSt
005 20220923225640.0
006 a|||||r|||| 00| 0
007 ta
008 Pun
024 _a273,052
037 _cTextual
040 _aARTS
_cARTS
_bPun
041 _2Pun
_aPun
082 _aO153vN, M6
100 _aਸਿੰਘ, ਪਰਮਿੰਦਰ
245 0 _aਪੰਜਾਬੀ ਸਾਹਿਤ ਦੇ ਮੂਲ ਲੱਛਣ ਤੇ ਪ੍ਰਮੁਖ ਪ੍ਰਵਿਰਤੀਆਂ
_b 1849-19
260 _aਲੁਧਿਆਣਾ
_b ਲਾਹੌਰ ਬੁੱਕ Fਾਪ
_c1986
650 _aਪੰਜਾਬੀ ਸਾਹਿਤ
942 _hO153vN, M6
_cTEXL
_2CC
999 _c379672
_d379672